000
00267nam a2200097Ia 4500
082
_a
R 320.3 ROB
245
0
_a
Dictionary of modern politics
100
_a
ROBERTSON, David London, 1985
_9
96271
942
_c
BK
008
210817s9999 xx 000 0 und d
999
_c
404186
_d
404185